Szczegóły MARC21

Ukierunkowana na relacje pedagogika ruchu według koncepcji Weroniki Sherborne /

003 -Nazwa inst., której nr kontr. jest w polu 001 [,]
    • @
    • Nazwa instytucji, której n kontrolny jest w polu 001
    • NUKAT
005 -DATA I CZAS OSTATNIEJ MODYFIKACJI [,]
    • @
    • pole kontrolne
    • 20241231093532.0
020 -Międzynarod. znormalizowany nr książki - ISBN [ , ]
    • a
    • Numer ISBN
    • 9788377441930 Find
040 -Instytucja sporządzająca opis [ , ]
    • a
    • Instytucja, która sporządziła opis (NP)
    • GD U/MJ
    • b
    • Język katalogowania
    • pol
    • e
    • Zasady katalogowania
    • rda
    • c
    • Instytucja, która sporządziła rekord (NP)
    • GD U/MJs
041 -Język dokumentu [1, ]
    • a
    • Język tekstu (P)
    • polski
    • h
    • Język tekstu oryginalnego i/lub pośredniego (P)
    • niemiecki
942 -Rodzaj dokumentu [ , ]
    • c
    • Rodzaj dokumentu
    • Książka
100 -Hasło główne - nazwa osobowa [1, ]
    • a
    • Nazwa osobowa (NP)
    • Welsche, Mone
    • d
    • Daty biograficzne (NP)
    • (1971- ).
    • e
    • Rodzaj współpracy
    • Autor
    • 9
    • KHW
    • 515127
245 -Strefa tytułu i oznaczenia odpowiedzialności [1,0]
    • a
    • Tytuł
    • Ukierunkowana na relacje pedagogika ruchu według koncepcji Weroniki Sherborne / Find
    • c
    • Pozostałe elementy strefy tytułu i oznaczenia odpowiedzialności (NP)
    • Mone Welsche ; przekład Elżbieta Cieślik.
246 -Wariant tytułu [1, ]
    • i
    • Tekst wyświetlany na ekranie monitora (NP)
    • Tytuł oryginału:
    • a
    • Tytuł (NP)
    • Beziehungsorientierte Bewegungspädagogik
250 -Strefa wydania [ , ]
    • a
    • Oznaczenie wydania (NP)
    • Wydanie I.
260 -Strefa adresu wydawniczego [ , ]
    • a
    • Miejsce wydania (P)
    • Gdańsk :
    • b
    • Nazwa wydawcy (P)
    • Harmonia Universalis,
    • c
    • Data wydania (P)
    • 2019.
300 -Strefa opisu fizycznego [ , ]
    • a
    • Określenie formy książki i/lub objętość (NP)
    • 218 stron :
    • b
    • Oznaczenie ilustracji (NP)
    • ilustracje ;
    • c
    • Format (NP)
    • 24 cm.
336 -Typ zawartości [ , ]
    • a
    • Termin opisujący typ zawartości
    • Tekst
    • b
    • Kod określający zawartość
    • txt
    • 2
    • Źródło (terminu i kodu)
    • rdacontent
337 -Typ mediów [ , ]
    • a
    • Tryb odtwarzania
    • Bez urządzenia pośredniczącego
    • b
    • Kod typu mediów
    • n
    • 2
    • Źródło (terminu i kodu)
    • rdamedia
338 -Typ/rodzaj nośnika [ , ]
    • a
    • Hasło opisujące typ nośnika
    • Wolumin
    • b
    • Kod typu nośnika
    • nc
    • 2
    • Źródło (terminu i kodu)
    • rdacarrier
504 -Uwaga dot. bibliogr. załącznikowej [ , ]
    • a
    • Uwaga dot. bibliografii załącznikowej
    • Bibliografia na stronach 201-211. Indeks.
600 -Hasło przedmiotowe w formie nazwy osobowej [1,7]
    • a
    • Nazwa osobowa
    • Sherborne, Veronica
    • d
    • Daty związane z nazwą
    • (1922-1990)
    • x
    • Określnik rzeczowy
    • krytyka i interpretacja.
    • 2
    • Źródło terminu
    • kaba
    • 9
    • KHW
    • 361028
650 -Hasło przedmiotowe [ ,7]
    • a
    • Hasło przedmiotowe
    • Psychomotoryka u dzieci.
    • 2
    • Źródło terminu
    • kaba
    • 9
    • KHW
    • 126993
650 -Hasło przedmiotowe [ ,7]
    • a
    • Hasło przedmiotowe
    • Ćwiczenia fizyczne dla dzieci.
    • 2
    • Źródło terminu
    • kaba
    • 9
    • KHW
    • 140358
700 -Hasło dodatkowe - nazwa osobowa [1, ]
    • a
    • Nazwa osobowa (NP)
    • Cieślik, Elżbieta Find
    • c
    • Dopowiedzenie inne niż daty biograficzne (NP)
    • (tłumacz).
    • e
    • Określenie rodzaju współpracy
    • Tłumaczenie
    • 9
    • KHW
    • 45083
710 -Hasło dodatkowe - nazwa ciała zbiorowego [2, ]
    • a
    • Nazwa ciała zbiorowego lub nazwa geograficzna jako pierwszy element (NP)
    • Harmonia Universalis.
    • e
    • Rodzaj współpracy
    • Wydawca
    • 4
    • Kod relacji
    • pbl
    • 9
    • KHW
    • 59898
856 -Dostęp do wersji elektronicznej [4,8]
    • 3
    • Wyszczególnienie materiału
    • Okładka
920 -ISBN [ , ]
    • a
    • ISBN
    • 978-83-7744-193-0 Find
Sygnatura Status udost. Numer inwentarzowy Lokalizacja Data inwentaryzacji
 1Z.124015BG2020-01-16
 -3WM.24625BG2020-01-16
 -3WM.24626BG2020-01-16
Ergoterapia 141WF.10682BM2020-09-28